WWE Tag Team Champions - Statistics

General Stats
  • This quiz has been taken 3,685 times
    2,807 since last reset
  • The average score is 53 of 118
Answer Stats
Hint Answer % Correct
Kofi Kingston
82%
54 | 56 Big E
81%
Jey Uso
81%
49 | 52 Jimmy Uso
81%
Xavier Woods
79%
2 | 28 Edge
75%
| 45 Kane
72%
30 Triple H
71%
Matt Hardy
69%
46 Seth Rollins
69%
| 51 The Miz
69%
34 | 38 John Cena
68%
Roman Reigns
68%
29 | 31 | 40 Big Show
67%
Rey Mysterio
67%
Shawn Michaels
67%
Chris Jericho
62%
Chris Jericho
61%
20 Batista
58%
42 | 44 Kofi Kingston
57%
Daniel Bryan
56%
3 | 7 Eddie Guerrero
54%
Sheamus
54%
5 | 16 Eddie Guerrero
53%
| 57 Cesaro
52%
| 47 Cody Rhodes
52%
25 John Morrison
52%
50 Stardust
52%
11 Bubba Ray Dudley
50%
Chavo Guerrero
50%
D-Von Dudley
49%
1 Kurt Angle
49%
Chris Benoit
47%
17 | 19 | 21 Johnny Nitro
46%
32 Tyson Kidd
46%
Goldust
45%
35 Heath Slater
43%
R-Truth
43%
37 | 39 Heath Slater
40%
David Hart Smith
37%
Justin Gabriel
37%
4 | 6 Shelton Benjamin
36%
33 Drew Mcintyre
35%
24 MVP
34%
14 Rob Van Dam
34%
| 41 David Otunga
33%
Justin Gabriel
33%
53 Tyson Kidd
33%
Billy Gunn
32%
Evan Bourne
32%
Joey Mercury
32%
27 Carlito
31%
48 Road Dogg
31%
Damien Mizdow
30%
| 10 Charlie Haas
28%
| 43 Primo
28%
Epico
25%
Karl Anderson
23%
58 Luke Gallows
23%
| 22 Paul London
23%
Brian Kendrick
22%
Curtis Axel
21%
Darren Young
21%
9 Rikishi
21%
Tajiri
21%
Zack Ryder
20%
36 Santino Marella
19%
55 Titus O' Neil
18%
Danny Basham
17%
8 | 15 Doug Basham
17%
Rico
17%
Scotty 2 Hotty
16%
18 Animal
15%
26 Curt Hawkins
15%
23 Deuce
15%
Domino
15%
13 Rene Dupree
15%
Vladimir Kozlov
14%
12 Billy Kidman
12%
Kenzo Suzuki
11%
Heidenreich
9%
No matching quizzes found
Score Distribution
Percent of People with Each Score
Percentile by Number Answered
Your Score History
You have not taken this quiz since the last reset